1811 1243 1191 1096 1768 1462 1663 1080 1008 1009 1787 1989 1887 1606 1132 1991 1723 1770 1588 1081 1667 1095 1194 1261 1081 1025 1012 1630 1423 1423 1819 1498 1647 1454 1134 1590 1079 1130 1862 1476 1663 1811 1517 1574 1677 1495 1409 1035 1261 1290 1025 1197 1566 1379 1720 1369 1358 1058 1621 1815 1629 1793 1303 1094 1319 1961 1264 1450 1485 1257 1685 1588 1808 1918 1278 1726 1042 1945 1348 1911 1423 1011 1028 1518 1291 1719 1402 1018 1954 1638 1668 1138 1884 1056 1122 1898 1838 1234 1371 BCNSPRNW ULIB Ver.6.0+V

เปลี่ยนเป็นภาษาไทย

Change to English
 แสดงรายละเอียดบรรณานุกรม
  กลับหน้าหลัก

Brief Record : Get Marc (ISO 2709) : E-mail record : QR code < ปิดหน้าต่าง
LEADER : 00000nam 2200000uu 4500
001    13399123229
003     ULIB
008    020711s2553 th a 000 0 tha d
050 14 LB1027^bส111ค
110    กระทรวงการท่องเที่ยวและกีฬา.^bกรมพลศึกษา.^bสถาบันพัฒนาบุคลากรการพลศึกษาและการกีฬา.
245    คู่มือผู้ฝึกสอนกีฬาเทนนิส/^cสถาบันพัฒนาบุคลากรการพลศึกษาและการกีฬา
260    กรุงเทพฯ :^bโรงพิมพ์สหกรณ์การเกษตรแห่งประเทศไทย,^c2553
300    93 หน้า;^b26 ซม.
650    เทนนิส
945    ^p0^l0^i20360
999    ^aทศพร เกษรทอง
รายการนี้ยังไม่มีแท็ก
คุณยังไม่ได้ล็อกอิน คุณสามารถมีกิจกรรมร่วมกับเว็บไซต์ได้ แต่ต้องล็อกอินก่อน ::
  ล็อกอิน

รายการสื่อสารสนเทศ

ลำดับที่ ประเภท เลขเรียก/บาร์โค้ด สถานที่ สถานะ
1. การศึกษาทั่วไป
การศึกษาทั่วไป
LB1027 ส111ค ฉ.1 
  Barcode: 20360
ห้องสมุดวิทยาเขตนครสวรรค์
►หนังสือทั่วไป:l:General Books
บนชั้น
Note:อภินันทนาการ

รายการใกล้เคียง
    หัวเรื่อง [เทนนิส]

BibComment


ยังไม่เคยถูกคอมเมนท์

คอมเมนท์ทรัพยากรรายการนี้
  คอมเมนท์: คู่มือผู้ฝึกสอนกี..


 Copyright 2026. Bcnsprnw @Library